00617nam a2200229 i 4500001001100000003000500011005001700016008004100033020001500074040002500089082001600114245002300130264005200153300002900205336002100234337002500255338002300280490001300303650002300316700003500339830001300374C2-0287147PPAK20180728020505.0080205s2005 my |||| ||||| | may d a9830995763 aPPAKbengcPPAKerda04a297.12222300aAl-Itqan (jilid 1) 1aKuala Lumpur : bAl-Hidayah Publishers , c2005 aviii, 63 pages ; c21 cm 2rdacontentatext 2rdamediaaunmediated 2rdacarrieravolume1 aAl-Itqan10aKoran - Recitation0 aAbu Mazaya Al-Hafiz, ecompile 0aAl-Itqan